00566 2200205 4500001002100000005001700021008004100038035002500079082001100104090001800115100001600133245004400149250001700193260003300210300002500243500002900268650003300297850001200330990001800342YOGYA-0209000002689920150413084323.0 ind  a0010-020900000026899 a297.46 a297.46bRok K aROKHIM, Abd aKisah Adam dalam Al-Qur ancAbd. Rochim aEd.1, cet. 1 aYogyakartabBina Usahac1983 av, 27 hlm. ;c16 cm. aBibliografi : hlm. 26-27 aNabi sebelum Muhammad (Adam) aYOPDYOG a19503-PD/A.06